000 00582cam9a220021700 4500
001 zam00002052
008 951128s1973 xx eng u
035 _a(Sirsi) r19431
035 _a(MACHINE)SLC.
100 _aOller, J. W.
_6A80312.1
245 1 0 _aFocus on the learner.
260 _c1973.
949 _aP51
_wlcc
_mMAIN
_tBOOK
_lON-SHELF
004 19431
591 _aClass code: ED 323.
591 _aCourse: English teaching methods.
591 _aSchool: S03.
591 _aLecturer: Mr. TAMBULUKANI, G.
591 _aNumber of Students: 102.
909 _aBook
999 _c169364
_d169364